LIBRARY & INFORMATION CENTRE, KCAET, TAVANUR

ONLINE PUBLIC ACCESS CATALOGUE (OPAC)

Kathakali nadanmar / (Record no. 5012)

MARC details
000 -LEADER
fixed length control field 00470cam a2200181ua 4500
041 ## - LANGUAGE CODE
Language code of text/sound track or separate title mal
082 ## - DEWEY DECIMAL CLASSIFICATION NUMBER
Classification number 793.3
Item number ANA/KA
100 ## - MAIN ENTRY--AUTHOR NAME
Personal name Anantha Subrahmaniam, T S .
245 ## - TITLE STATEMENT
Title Kathakali nadanmar /
250 ## - EDITION STATEMENT
Edition statement Rev. /
260 ## - PUBLICATION, DISTRIBUTION, ETC. (IMPRINT)
Place of publication Thuravoor :
Name of publisher Sree Narasimha Vilasam Book Depot ,
Year of publication 1958.
300 ## - PHYSICAL DESCRIPTION
Number of Pages 185 ; .
942 ## - ADDED ENTRY ELEMENTS (KOHA)
Koha item type Books
Holdings
Withdrawn status Lost status Damaged status Home library Current library Date acquired Full call number Accession Number Koha item type
      KAUAET KAUAET 07/04/2012 793.3 1432 Books
free website counter